[Event "Windsor NAYCC U12 Girls"]
[Site "Windsor"]
[Date "2016.08.11"]
[Round "9.126"]
[White "Woods, Charisse"]
[Black "Dasari, Srihitha"]
[Result "0-1"]
[WhiteElo "1442"]
[BlackElo "1492"]
[PlyCount "150"]
[EventDate "2016.08.07"]
[EventType "swiss"]
[EventRounds "9"]
[EventCountry "CAN"]
[SourceTitle "EXT 2022"]
[Source "ChessBase"]
[SourceDate "2021.10.06"]
[SourceVersion "1"]
[SourceVersionDate "2021.10.06"]
[SourceQuality "1"]

1. e4 c5 2. Nf3 d6 3. d4 cxd4 4. Nxd4 Nf6 5. Nc3 g6 6. Be3 Bg7 7. Be2 0-0 8. 0-0 Nc6 9. Qd2 Bd7 10. Rad1 Rc8 11. Nxc6 bxc6 12. Bg5 c5 13. e5 Ne8 14. exd6 Nxd6 15. Bxe7 Qxe7 16. Qxd6 Qxd6 17. Rxd6 Be6 18. g3 Rfe8 19. Bf3 Be5 20. Rdd1 Bxc3 21. bxc3 Bxa2 22. Ra1 Bc4 23. Rfc1 Rc7 24. h4 Kg7 25. h5 g5 26. Kg2 Be2 27. Bxe2 Rxe2 28. g4 Re4 29. f3 Re2+ 30. Kf1 Re3 31. Kf2 Rxc3 32. Ra6 Rd7 33. Rc6 Rd2+ 34. Ke1 Rh2 35. Ra6 Rxf3 36. Rca1 Rxc2 37. h6+ Kf8 38. Rxa7 Re3+ 39. Kf1 Rh2 40. Kg1 Rxh6 41. Rf1 Re7 42. Ra8+ Kg7 43. Rc8 Re5 44. Rc1 Rh4 45. R8xc5 Rxc5 46. Rxc5 Rxg4+ 47. Kh2 h6 48. Kh3 Rf4 49. Kg3 f6 50. Rc7+ Kg6 51. Rc8 h5 52. Rg8+ Kf5 53. Rh8 h4+ 54. Kg2 Rg4+ 55. Kh2 Re4 56. Rf8 g4 57. Kg2 h3+ 58. Kh2 Re6 59. Kg3 Ke4 60. Kxg4 h2 61. Rh8 f5+ 62. Kg3 Rg6+ 63. Kf2 f4 64. Rxh2 Rg3 65. Rh4 Rf3+ 66. Ke2 Ra3 67. Kf2 Ra2+ 68. Ke1 Ke3 69. Kf1 f3 70. Kg1 f2+ 71. Kf1 Ra1+ 72. Kg2 f1Q+ 73. Kg3 Qf3+ 74. Kh2 Ra2+ 75. Kg1 Qg2# 0-1

[Event "Windsor NAYCC U12 Girls"]
[Site "Windsor"]
[Date "2016.08.10"]
[Round "7.129"]
[White "Periappuram, Moira"]
[Black "Woods, Charisse"]
[Result "0-1"]
[WhiteElo "773"]
[BlackElo "1442"]
[PlyCount "118"]
[EventDate "2016.08.07"]
[EventType "swiss"]
[EventRounds "9"]
[EventCountry "CAN"]
[SourceTitle "EXT 2022"]
[Source "ChessBase"]
[SourceDate "2021.10.06"]
[SourceVersion "1"]
[SourceVersionDate "2021.10.06"]
[SourceQuality "1"]

1. e4 e5 2. Nf3 Nc6 3. Bc4 Bc5 4. 0-0 Nf6 5. d3 h6 6. a3 0-0 7. h3 d5 8. exd5 Nxd5 9. b4 Bd4 10. Nxd4 exd4 11. Bb2 Be6 12. Nd2 a6 13. Qf3 Qd7 14. Qg3 Nc3 15. Bxc3 dxc3 16. Ne4 Qd4 17. Bb3 Rac8 18. Nc5 Bxb3 19. Nxb3 Qd6 20. Qf3 Rb8 21. Rae1 Nd4 22. Nxd4 Qxd4 23. Re4 Qb6 24. Qg3 a5 25. Qe5 axb4 26. Rxb4 Qd6 27. Qxc3 Rfc8 28. Rg4 Qf8 29. a4 g6 30. h4 Qg7 31. Qc4 h5 32. Rf4 c6 33. a5 b5 34. Qa2 Ra8 35. Re1 Rc7 36. c4 Rca7 37. cxb5 cxb5 38. a6 Rxa6 39. Qb3 Rb8 40. Re7 Rf6 41. Rfe4 Rf5 42. Re8+ Rxe8 43. Rxe8+ Kh7 44. Rd8 Qa1+ 45. Kh2 Qc1 46. Qa2 Qc7+ 47. g3 Qxd8 48. Qd2 Qd4 49. Kg2 b4 50. Qe2 b3 51. Qf1 b2 52. f3 Rb5 53. Qb1 Qc3 54. Qa2 Qd2+ 55. Kh3 Kg7 56. Qc4 b1R 57. Qd4+ Kh7 58. g4 Rh1+ 59. Kg3 Qh2# 0-1